| Поле | Инд. | ПП | Название | Значение |
|---|---|---|---|---|
| Тип записи | a | |||
| Библиографический уровень | m | |||
| 001 | Контрольный номер | 4fee7d9b-0a9f-46e1-a9c8-baef0326b67c | ||
| 005 | Дата корректировки | 20140703121919.1 | ||
| 008 | Кодируемые данные | 030605 | ||
| 020 | a | ISBN | 5-04-008923-6 | |
| c | Цена, тираж | 150.00 | ||
| 040 | a | Служба первич. каталог. | НБ ТвГУ | |
| 041 | a | Код языка текста | rus | |
| 080 | a | Индекс УДК | 882-2 | |
| 084 | a | Индекс другой классификации/Индекс ББК | Ш6(2=411.2)6-6 | |
| 090 | x | Авторский знак | Ф51 | |
| a | Полочн. индекс | Р2 | ||
| 100 | 1_ | a | Автор | Филатов Леонид Алексеевич |
| 245 | 10 | a | Заглавие | Еще раз о голом короле |
| b | Продолж. заглавия | Пять новых пьес | ||
| c | Ответственность | Леонид Филатов; [Худож.В. Челак] | ||
| 260 | 0_ | a | Место издания | Москва |
| b | Издательство | Эксмо | ||
| c | Дата издания | 2002 | ||
| 300 | a | Объем | 283,[3] с. | |
| b | Иллюстрации/ тип воспроизводства | цв. ил. | ||
| 500 | a | Примечание | Содерж.: Дилижанс; Еще раз о голом короле; Рассказы чумного города, и др. | |
| 583 | a | Действие | Получение впервые 117 05.06.2003 | |
| k | Исполнитель действия | ПБОЮЛ Чебукин В.В. | ||
| 653 | a | Ключевые слова | Художественная | |
| 700 | 1_ | a | Другие авторы | Челак В. |
| e | Роль лиц | худож. | ||
| 852 | t | Порядковый номер экземпляра | 2 | |
| p | Инвентарный номер | 766354 | ||
| p | Инвентарный номер | 766355 | ||
| 863 | t | 10690000003501 | ||
| 863 | t | 10690000003500 | ||
| 888 | a | За счет средств Академии славянской культуры | ||
| 930 | a | Новая/Ретро | художественная | |
| 952 | p | 117.2003 150.00 1 766354 | ||
| p | 117.2003 150.00 1 766355 | |||
| c | Вид литературы | К рх | ||
| 954 | a | Дата поступления на обработку | 20030623 | |
| 999 | a | Подразделение 2 | аб. |